000 00534nam a2200169Ia 4500
003 IN-BaIIA
008 211028s9999 xx 000 0 eng d
020 _a81-204-0734-2
040 _cIIA Library
080 _a902(5)
_bPOS
245 0 _aSouth Asian archaelogy studies
_cedited by G. L. Possehl
260 _aNew Delhi
_bOxford & IBH
_c1992
300 _ax, 266p.
650 _aArchaelogy-South Asia, Studies in Archaelogy.
_921245
700 _aPossehl, G. L., ed.
_921246
942 _cBK
999 _c12172
_d12172